All Southwest Airlines Destinations (2024) - Statistics

General Stats
  • This quiz has been taken 429 times
    237 since last reset
  • The average score is 86 of 121
Answer Stats
Country Destination % Correct
Cuba Havana
92%
Bahamas Nassau
91%
California | Costa Rica San Jose
91%
Mexico Cancun
90%
Illinois Chicago (Midway)
88%
Illinois Chicago (O'Hare)
88%
Colorado Denver
88%
California Los Angeles
88%
Arizona Phoenix
88%
Texas Dallas
87%
Florida Miami
87%
Georgia Atlanta
86%
Texas Houston (HOU)
86%
Texas Houston (IAH)
86%
Nevada Las Vegas
86%
New York New York (LGA)
86%
Maine | Oregon Portland
86%
California San Francisco
86%
Massachusetts Boston
85%
Michigan Detroit
85%
Hawaii Honolulu
85%
Mississippi Jackson
85%
Missouri Kansas City
85%
Louisiana New Orleans
85%
Florida Orlando
85%
Pennsylvania Philadelphia
85%
California San Diego
85%
Washington Seattle / Tacoma
85%
Maryland Baltimore (BWI)
84%
Texas Austin
83%
North Carolina Charlotte
83%
Indiana Indianapolis
83%
Tennessee Nashville
83%
Utah Salt Lake City
83%
Belize Belize City
82%
New York Buffalo
82%
Ohio Cleveland
82%
Colorado Colorado Springs
82%
Tennessee Memphis
82%
Minnesota Minneapolis
82%
Oklahoma Oklahoma City
82%
Arizona Tucson
82%
Arkansas Little Rock
81%
Missouri St. Louis
81%
Florida Tampa
81%
Nebraska Omaha
80%
Texas San Antonio
80%
New Mexico Albuquerque
79%
Idaho Boise
79%
Ohio Columbus
79%
Iowa Des Moines
79%
Florida Jacksonville
79%
Pennsylvania Pittsburgh
79%
North Carolina Raleigh / Durham
79%
Nevada Reno
79%
New York Albany
78%
Alabama Birmingham
78%
California Sacramento
78%
Puerto Rico San Juan
78%
Ohio Cincinnati
77%
Florida Fort Lauderdale
76%
Connecticut Hartford
76%
Kentucky Louisville
76%
Rhode Island Providence
76%
Texas El Paso
75%
Virginia Richmond
75%
Oklahoma Tulsa
75%
Virginia Washington (Dulles)
75%
Virginia Washington (Reagan)
75%
South Carolina Charleston
74%
Wisconsin Milwaukee
74%
California Oakland
74%
Jamaica Montego Bay
73%
Georgia Savannah
73%
Mexico San Jose del Cabo
71%
Washington Spokane
71%
Kansas Wichita
71%
California Fresno
69%
Michigan Grand Rapids
69%
New Hampshire Manchester
69%
Dominican Republic Punta Cana
69%
New York Rochester
68%
New York Syracuse
68%
Texas Amarillo
65%
Florida Fort Myers
65%
Netherlands Aruba
64%
Oregon Eugene
63%
South Carolina Myrtle Beach
63%
Virginia Norfolk
63%
Montana Bozeman
60%
Texas Corpus Christi
60%
California Ontario
58%
Hawaii Hilo
57%
Florida Pensacola
57%
Florida West Palm Beach
57%
Texas Lubbock
56%
Florida Sarasota / Bradenton
56%
California Burbank
55%
South Carolina Greenville / Spartanburg
55%
California Long Beach
54%
Florida Panama City
52%
California Santa Ana
50%
Costa Rica Liberia
49%
California Santa Barbara
49%
California Palm Springs
47%
New York Islip
46%
Hawaii Kailua / Kona
46%
Mexico Puerto Vallarta
46%
Mexico Cozumel
43%
Texas Midland
43%
Hawaii Lihue
41%
Florida Destin / Fort Walton Beach
40%
United Kingdom Grand Cayman
38%
Hawaii Kahului
38%
United Kingdom Providenciales
35%
Washington Bellingham
33%
Texas Harlingen
30%
Colorado Hayden
28%
Colorado Montrose
27%
No matching quizzes found
Score Distribution
Percent of People with Each Score
Percentile by Number Answered
Your Score History
You have not taken this quiz since the last reset